000 00499nam a2200205Ia 4500
005 20251121153045.0
008 230125s9999 xx 000 0 und d
020 _a978009191906412
041 _aeng
082 _a158.1
_bCAR
100 _aCarnegie D
245 _aHow to Stop Worrying and Start Living
250 _aEd.1st
260 _c1998
_bVermilion publisher
_aLondon
300 _a389p
500 _aPersonality Development
700 _aCarnegie D
906 _b61.69
942 _cBK
999 _c94726
_d94726